| 000 | 01092naa a22003377a 4500 | ||
|---|---|---|---|
| 001 | BR7703582 | ||
| 003 | BR-BrBNA | ||
| 005 | 20250714141741.0 | ||
| 007 | ta | ||
| 008 | 250630b bl.|||m| |||| 00| 0 por d | ||
| 040 |
_aBR-BrBNA _bpor _cBiblioteca Nacional de Agricultura |
||
| 041 | _a(Pt) | ||
| 072 |
_aT00; P10 _b/G514 |
||
| 090 | _aT00 BR7703582 | ||
| 100 | 1 | _aGuimaraes, F.P. | |
| 100 | 1 | _aFonseca, M.R.M. de B. da | |
| 100 | 1 | _aPinho Filho, P. | |
| 100 | 1 | _aCoelho, V.M.B. | |
| 100 | 1 | _aSimao, E.J. | |
| 100 | 1 | _aRochedo, E.R.R. | |
| 111 | 1 |
_a9. Congresso Brasileiro de Engenharia Sanitaria _cBelo Horizonte, MG (Brazil) _dJul 1977 |
|
| 245 | 1 | _aPadroes de qualidade para os corpos de agua do Estado do Rio de Janeiro [Brasil] | |
| 500 | _aMeio ambiente. Varios estudos Rio de Janeiro, RJ (Brasil): 1977. p. 156-172 (BR7703582-AMS) | ||
| 650 | _aPoluicao | ||
| 650 | _aRecurso hidrico | ||
| 650 | _aAgua | ||
| 650 | _aRio de Janeiro | ||
| 490 |
_aCadernos FEEMA. Serie Tecnica (Brazil) _vno. 2 |
||
| 942 |
_cAMS _2AGRIS |
||
| 909 |
_a202506 _bLúcia _c55 _dLúcia Elande |
||
| 999 |
_c333026 _d333026 |
||